| 000 | 01338cam a2200301 4500 | ||
|---|---|---|---|
| 008 | 040112n2003 000 0 eng u | ||
| 020 | _a0415318548 | ||
| 035 | _a(Sirsi) u124828 | ||
| 041 | _aeng | ||
| 050 |
_a692.5 _c18 |
||
| 100 | _aSpain, Bryan | ||
| 245 | _aSpon's estimating costs guide to minor works refurbishment and repairs to fire, flood, gale and theft damage | ||
| 250 | _a2nd ed. | ||
| 260 |
_aLondon _bSpons _c2003 |
||
| 300 |
_axvii, 295p. _c22cm |
||
| 350 | _a27.99 | ||
| 520 | _aAimed at contractors, quantity surveyors and clients carrying out small works. Contains cost information and rates broken down into labour, material overheads and profit. Advises on repairs to fire, flood and storm damage. Also includes professional advice on setting up and running a business, topics including taxation, book-keeping, VAT and Construction Industry Scheme registration cards and legal obligations. | ||
| 520 | _aSuperseded by third edition (ISBN 0415382130) | ||
| 650 | _aBUILDING PRICE BOOKS | ||
| 650 | _aMINOR WORKS | ||
| 650 | _aBUILT ENVIRONMENT-BUILDING MAINTENANCE AND REFURBISHMENT | ||
| 650 | _aBUILT ENVIRONMENT-BUILDING COSTS | ||
| 650 | _aALTERATIONS | ||
| 650 | _aCONSTRUCTION INDUSTRY SCHEME | ||
| 650 | _aCIS CERTIFICATES | ||
| 690 | _aBUILT ENVIRONMENT-BUILDING COSTS | ||
| 942 | _n0 | ||
| 999 |
_c103288 _d103288 |
||